Gry z uniwersum Władcy Pierścieni - Statystyki

Ogólne statystyki
  • Ten quiz został rozwiązany 32 razy
  • Średni wynik to 5 z 12
Statystyki odpowiedzi
Hint Odpowiedź % Poprawnych
Gra która łączy Hobbita z tymi samymi klockami LEGO: Hobbit
94%
Gra która łączy Władcę Pierścieni z pewnymi klockami LEGO: Władca Pierścieni
88%
Przygodowa gra akcji, fabuła gry rozgrywa się pomiędzy Hobbitem a Władcą pierścieni. Gra ta wprowadziła rewolucyjny system Nemesis pozwala na tworzenie nowych postaci i dostosowywanie ich zachowań zależnie od poczynań Taliona (głównego bohatera) . System zapamiętuje interakcje bohatera z określonymi postaciami, z którymi walczy on w trakcie gry i określa ich zachowania na późniejszym etapie gry Śródziemie: Cień Mordoru
50%
Gra RTS (strategia czasu rzeczywistego) pozwalająca walczyć po stronie zarówno dobra jak zła. Jest w niej wiele budynków, jednostek, zakleć, bohaterów, frakcji itp Władca Pierścieni: Bitwa o Śródziemie
50%
Sequel gry powyżej, doszło do rozszerzenia systemu Nemesis, a fabuła koncentruje się na wykutym przez bohatera "nowym pierścieniu" Śródziemie: Cień Wojny
44%
Sequel gry powyżej. Pojawia się więcej frakcji, możliwość tworzenia własnego bohatera jak i również DLC o nazwie "Król Nazguli" Władca Pierścieni: Bitwa o Śródziemie II
44%
Gra akcji wydana w 2009 roku, również można walczyć po obu stronach barykady. Pozwala na wcielenie się w cztery klasy; Wojownika, Maga, Łucznika i Zwiadowcę, a także grać jako bohaterzy z głównej opowieści Władca pierścieni: Podbój
28%
Gra z gatunku MMORPG, gracz podczas tworzenia swojej postaci ma wiele możliwości może m.in. zdecydować o rasie swojej postaci oraz klasie co ma kluczowe znaczenie o sposobie rozgrywki przez całą grę Lord Of The Rings: Online
25%
fabularna gra akcji wydana 1 listopada 2011 roku, Akcja gry toczy się w północnej części Śródziemia, równolegle do akcji powieści. Władca Pierścieni: Wojna na Północy
25%
Widowiskowa gra akcji z widokiem z perspektywy trzeciej osoby. Można grać w pojedynkę lub w co-opie wcielając się w Aragorna, Legolasa lub Gimliego. Każdy z tych trzech bohaterów ma inne zastosowania i specjalności Władca Pierścieni: Dwie Wieże
22%
Sequel gry wyżej dochodzi możliwość kierowania większą i lością postaci, a także dalsze rozbudowania systemu walki. Władca Pierścieni: Powrót Króla
22%
Przygodowa gra akcji z elementami RPG, wyprodukowana przez studio Surreal i wydana 24 września 2002, pozwala na wcielenie się jednie w 3 postacie; Froda, Gandalfa i Aragorna Władca Pierścieni: Drużyna Pierścienia
19%
Nie znaleziono quizów pasujących do podanych kryteriów
Rozkład punktacji
Procent ludzi z każdym wynikiem
Percentyl według liczby udzielonych odpowiedzi
Twoja historia wyników
Nie rozwiązałeś tego quizu